00506nam a2200169 a 450000100100000000500170001000800410002702000150006804000250008308200190010810000330012724500820016025000110024226000360025330000280028970000190031700004490820201002045724.0150119s1993 dr a 000 0 spa d a8459908321 aDO-SdBNPbspacBNPHU axxxxxxbxxxxxx1 aMelo De Cardona, Ligia Amada10aCiencias naturales :b7 curso /cLigia Amada Melo de Cardona , Antonio Monzo. a9a ed. aSanto Domingo :bDisesa,c1993. a247 p. :bil. ;c23 cm.1 aMonzo, Antonio